000 00763naa a2200241 i 4500
001 64195
003 ES-MaBCM
005 20241016112605.0
008 000112s1999 gbr 000 0 eng d
021 _axx
035 _a(OCoLC)1365233188
040 _cES-MaBCM
041 0 _aeng
043 _agbr
100 1 _aEdwards, Sian
_913883
245 1 0 _aReconstructing the nation
_b: the process of establishing catalan autonomy
_cSian Edwards
650 2 7 _aAutodeterminación
_957654
650 7 _aCooperación entre el Estado y las Comunidades Autónomas
_960076
651 2 4 _aEspaña
_9115342
651 2 4 _aCataluña
_9115373
773 0 _aEn:
_tParliamentary affairs
_dOxford : 1999
_w104597
_gvol. 52, no. 4, Oct., p. 666-676. - Loc. S.355
942 _cAREV
999 _c64195
_d64195